The emergence of public enterprise peak organisations (Record no. 9206)

000 -LEADER
fixed length control field 00449pab a2200145 454500
008 - FIXED-LENGTH DATA ELEMENTS--GENERAL INFORMATION
fixed length control field 180718b1989 xxu||||| |||| 00| 0 eng d
100 ## - MAIN ENTRY--PERSONAL NAME
Personal name Wettenhall, Roger
245 ## - TITLE STATEMENT
Title The emergence of public enterprise peak organisations
Remainder of title Filling a gap in government enterprise relations
260 ## - PUBLICATION, DISTRIBUTION, ETC.
Date of publication, distribution, etc. 1989
300 ## - PHYSICAL DESCRIPTION
Extent 381-400
362 ## - DATES OF PUBLICATION AND/OR SEQUENTIAL DESIGNATION
Dates of publication and/or sequential designation Sept.
650 ## - SUBJECT ADDED ENTRY--TOPICAL TERM
Topical term or geographic name entry element Government Enterprise
773 ## - HOST ITEM ENTRY
Main entry heading International Review of Administration Sciences
909 ## -
-- 9206
Holdings
Withdrawn status Lost status Damaged status Not for loan Permanent Location Current Location Date acquired Serial Enumeration / chronology Barcode Date last seen Price effective from Koha item type
        Indian Institute of Public Administration Indian Institute of Public Administration 2018-07-19 Volume no: 55, Issue no: 3 AR9220 2018-07-19 2018-07-19 Articles

Powered by Koha